000 00348nam a2200145 i 4500
001 bg
100 1 _aPECHE, Tadeusz
245 0 _aPodstawy współczesnej ewidencji gospodarczej /
_cTadeusz Peche.
250 _aWyd.3.
260 _aWarszawa,
_c1978.
040 _cBPK
041 _apol
942 _cKS
008 s pl f |000 0 pol
999 _c9818
_d9818
856 _uhttp://koha.tu.koszalin.pl/cgi-bin/koha/opac-detail.pl?biblionumber=9818
_yKatalog online BPK